00645nam a2200205Ia 4500003000900000008004100009040001600050080002200066100002500088245003500113260003300148300001600181650004100197650002200238650002400260650001000284942000700294999001500301952012300316IN-BaIIA211028s9999 xx 000 0 eng d cIIA Library a523.31-423.3bMEL aMelchior, Paul96354 4aThe Earth tidescPaul Melchior aOxfordbPergamon Pressc1966 axiii, 458p. aAstronomy and astrophysics thesaurus aAtmospheric tides aDarth - tides96355 aTides cBK c3590d3590 00104070aBANbBANcGENd1970-09-22g98.32l0o523.31-423.3/ MELp4009r2021-11-05v98.32w1970-09-22yBKGRs. 98.32